000
00341nam a2200145Ia 4500
008
150201s1994 xx 000 0 und d
082
_a
610.7362
_b
N94J
100
_a
JOHNSTON, PETER B.
245
_a
THE NEW BORN CHILD
250
_a
7TH
260
_b
CHARCHILL
_a
SINGHAPUR
_c
1994
300
_a
201
650
_a
PEDIATRICS
942
_2
ddc
_c
BK
999
_c
1893
_d
1893